000 01422cam a22003614a 4500
001 16256255
005 20170105102851.0
008 100528s2011 enk 000 0 eng
010 _a 2010022535
020 _a9780415567350 (hardcover)
020 _a0415567351 (hardcover)
020 _a9780415567367 (pbk.)
020 _a041556736X (pbk.)
020 _a9780203837160 (ebook)
020 _a0203837169 (ebook)
040 _aDLC
_cDLC
_dDLC
050 0 0 _aJZ4971
_b.B45 2011
082 0 0 _a341.584
_222
100 1 _aBellamy, Alex J.,
_d1975-
245 1 0 _aGlobal politics and the responsibilty to protect :
_bfrom words to deeds /
_cAlex J. Bellamy.
260 _aLondon ;
_aNew York :
_bRoutledge,
_cc2011.
300 _a246 p. ;
_c24 cm.
505 0 _aFrom idea to norm -- Implementing RtoP at the UN -- Humanitarian crises since 2005 -- An assessment after five years -- Economic development and democratisation -- early warning -- Regional arrangements, with Sara E. Davies -- The UN Security Council and the use of force.
610 2 0 _aUnited Nations.
650 0 _aHumanitarian intervention.
650 0 _aPeacekeeping forces.
650 0 _aPeace-building.
650 0 _aDemocratization.
650 0 _aSecurity, International.
906 _a7
_bcbc
_corignew
_d1
_eecip
_f20
_gy-gencatlg
942 _2ddc
_cBK
999 _c14263
_d14263